Eesti Vabadussõja vabatahtlike värbamine Rootsis

Titel: Eesti Vabadussõja vabatahtlike värbamine Rootsis
Verfasser:
In: Õpetatud Eesti Selts: Õpetatud Eesti Seltsi aastaraamat, (2013), Seite 191-209
alle Artikel anzeigen
Veröffentlicht: 2013 [2014]
Format: Aufsatz
Sprache: Estnisch
Kein Bild verfügbar
X
alg: 39282566
001A    $01999:11-11-16 
001B    $01999:27-04-21 $t20:51:30.000 
001C    $06050:19-11-16 $t09:18:46.000 
001D    $01999:11-11-16 
001U    $0utf8 
001X    $00 
002@    $0Aox 
003@    $039282566X 
007A    $039282566X $aHEB 
007T    $0Herdc0109035m 
010@    $aest 
011@    $a2013 $n2013 [2014] 
021A    $aEesti Vabadussõja vabatahtlike värbamine Rootsis 
028A    $aKuldkepp $dMart 
031A    $h191-209 $j2013 
037A    $aengl. Res. 208-209: Recruitment of Swedish Volunteers in the Estonian War of Independence 
039B    $aIn $8--Abvc--Õpetatud Eesti Selts [Tb1]. Õpetatud Eesti Seltsi aastaraamat. - Tartu : Mattiesen, 1938-. - ISSN 1406-8486 $x201300000000000809 $9047885599 
045F    $a909 $eDDC23BSB 
045F/01 $a909 
045F/03 $g4798 
045T    $a7,53 $a9,10 

lok: 39282566 78

exp: 39282566 78 1 #EPN
201B/01 $019-04-17 $t11:36:26.000 
201U/01 $0utf8 
203@/01 $0788935887 
208@/01 $a11-11-16 $be 
209A/01 $a/ $f000 $x00 
220C/01 $aTitelaufnehmer: kk 
220C/01 $aHerkunft: HI Marburg 
244Z/01 $2Trx $#Estija $#Igaunija $#Estland $#Estonia $#Estonia $#Estónsko $#Estonsko $8--Trx--Eesti $x01 $9391237225 
244Z/01 $2Trx $#Sztokholm $8--Trx--Stockholm $x02 $939119531X 
244Z/01 $aGeschichte 1918 $x03 
244Z/01 $2Trx $8--Trx--Tõnisson, Jaan$Z1868-1940 $x04 $9391096214 
244Z/01 $2Trx $8--Trx--Strandman, Otto$Z1875-1941 $x05 $9390834939 
244Z/01 $2Trx $#riigi rajamine, Eesti 1918 $#Estijos valstybės susikūrimas 1918 $#founding of the Estonian state 1918 $#államalakítás, észt 1918 $#powstanie państwa estońskiego 1918 $#založenie štátu, estónske 1918 $#Založení státu, estonské 1918 $8--Trx--Staatsgründung, estnische$g1918 $x06 $9391360094 
244Z/01 $2Trx $#kaitsejõud, Rootsi $#Švedijos ginkluotosios pajėgos $#Armed forces, Swedish $#Honvédség, Svéd $#siły zbrojne, szwedzkie $#armáda švédska $#armáda švédská $8--Trx--Streitkräfte, schwedische $x07 $9391366823 
244Z/01 $2Trx $#välispoliitika, Eesti $#užsienio politika, Estijos $#Estonian foreign policy $#külpolitika, észt $#polityka zagraniczna estońska $#politika zahraničná estónska $#politika zahraniční estonská $8--Trx--Außenpolitik, estnische $x08 $9391375970 
244Z/01 $2Trx $#kaitsejõud, Saksa $#Vokietijos ginkluotosios pajėgos $#Armed forces, German $#fegyveres erök, német $#siły zbrojne, niemieckie $#armáda nemecká $#armáda německá $8--Trx--Streitkräfte, deutsche $x09 $9391362267 
244Z/01 $2Trx $#baltisakslased $#Pabaltijo vokiečiai $#German Balts $#német-balti népek $#Niemcy bałtyccy $#Nemci pobaltskí $#Němci pobaltskí $8--Trx--Deutschbalten $x10 $9391369946 
244Z/01 $2Trx $#suhted, Eesti-Rootsi $#santykiai, estų ir švedų $#relations, Estonian-Swedish $#kapcsolatok, észt-svéd $#stosunki estońsko-szwedzkie $#vzťahy estónsko-švédske $#vztahy estonsko-švedské $8--Trx--Beziehungen, estnisch-schwedische $x11 $9391378767 
244Z/01 $2Trx $8--Trx--Zeitschriftenaufsatz $x12 $9391384341 
245Z/01 $a07.07 $x01 
247C/01 $82080>Marburg/Lahn, Herder-Institut, Forschungsbibliothek, Bibliographieportal $9336309341
LEADER 00000caa a22000002c 4500
001 39282566X
003 DE-603
005 20210427205130.0
007 tu
008 161111s2013 xx |||| | u00||u|est c
035 |a (DE-599)HEB39282566X 
040 |a DE-603  |b ger  |c DE-603  |d DE-603 
041 |a est 
082 0 4 |8 1\u  |a 909  |q DE-101  |2 23/BSB 
084 |a 7,53  |a 9,10  |2 ssgn 
085 |8 1\u  |b 909 
085 |8 1\u  |z 2  |s 4798 
100 1 |a Kuldkepp, Mart 
245 0 0 |a Eesti Vabadussõja vabatahtlike värbamine Rootsis 
264 0 |c 2013 [2014] 
500 |a engl. Res. 208-209: Recruitment of Swedish Volunteers in the Estonian War of Independence 
773 0 8 |i In  |a Õpetatud Eesti Selts  |t Õpetatud Eesti Seltsi aastaraamat  |d Tartu : Mattiesen, 1938-  |x 1406-8486  |g (2013), Seite 191-209  |w (DE-603)047885599  |w (DE-600)570191-0 
924 0 |9 2080  |a (DE-603)788935887  |b DE-2080  |c HES  |d d  |g /